[Event "Winnipeg Yanofsky Memorial U1800 9th"]
[Site "Winnipeg"]
[Date "2011.08.07"]
[Round "4"]
[White "Swift, Ryne"]
[Black "Trinidad, Kris"]
[Result "1/2-1/2"]
[WhiteElo "1768"]
[BlackElo "1570"]
[PlyCount "74"]
[EventDate "2011.08.05"]
[EventType "swiss"]
[EventRounds "5"]
[EventCountry "CAN"]
[SourceTitle "EXT 2022"]
[Source "ChessBase"]
[SourceDate "2021.10.06"]
[SourceVersion "1"]
[SourceVersionDate "2021.10.06"]
[SourceQuality "1"]

1. e4 c5 2. Nf3 Nc6 3. d4 cxd4 4. Nxd4 Nf6 5. Nc3 g6 6. Be3 Bg7 7. f3 0-0 8. Bc4 d6 9. 0-0 Bd7 10. Re1 Ne5 11. Bb3 Rc8 12. Nd5 Nxd5 13. Bxd5 e6 14. Bb3 Nc4 15. Bxc4 Rxc4 16. c3 Qe7 17. Qd3 Rfc8 18. Rac1 e5 19. Nc2 Be6 20. Red1 Bf8 21. Nb4 b6 22. b3 R4c7 23. c4 Qd7 24. Nd5 Bxd5 25. cxd5 f5 26. Rxc7 Rxc7 27. Rc1 f4 28. Bd2 Be7 29. Rxc7 Qxc7 30. Qc4 Qxc4 31. bxc4 Kf8 32. Kf2 Ke8 33. Ke2 Kd7 34. g3 g5 35. g4 Kc7 36. Kd3 Kb7 37. Kc3 a5 1/2-1/2

[Event "Winnipeg TNT June op"]
[Site "Winnipeg"]
[Date "2009.06.16"]
[Round "3"]
[White "Trinidad, Kris"]
[Black "Rutter, Blair A"]
[Result "0-1"]
[WhiteElo "1578"]
[BlackElo "1829"]
[PlyCount "72"]
[EventDate "2009.06.02"]
[EventType "swiss"]
[EventRounds "4"]
[EventCountry "CAN"]
[SourceTitle "EXT 2011"]
[Source "ChessBase"]
[SourceDate "2010.11.26"]
[SourceVersion "1"]
[SourceVersionDate "2010.11.26"]
[SourceQuality "1"]

1. e4 e6 2. d4 d5 3. Nc3 Nf6 4. e5 Nfd7 5. Nf3 c5 6. Be3 Nc6 7. Be2 Be7 8. 0-0 0-0 9. a3 a6 10. dxc5 Ndxe5 11. Nd4 Ng6 12. f4 Bxc5 13. Kh1 Bxd4 14. Bxd4 Nxd4 15. Qxd4 f5 16. Rae1 Qd6 17. h3 Bd7 18. Bh5 Rf6 19. Re3 Raf8 20. Rg3 Ne7 21. Re1 Nc6 22. Qa4 d4 23. Ne2 e5 24. fxe5 Qxe5 25. Qb3+ Be6 26. Qxb7 Bf7 27. Bxf7+ R8xf7 28. Qxa6 Ne7 29. Qd3 f4 30. Rf3 Nf5 31. Kg1 Nh4 32. Qxd4 Nxf3+ 33. gxf3 Qh5 34. Kg2 Rg6+ 35. Kh2 Qxf3 36. Qd8+ Rf8 0-1

[Event "Winnipeg TNT February op"]
[Site "Winnipeg"]
[Date "2009.02.24"]
[Round "4"]
[White "Gibbons, Lorne"]
[Black "Trinidad, Kris"]
[Result "0-1"]
[WhiteElo "1217"]
[BlackElo "1571"]
[PlyCount "49"]
[EventDate "2009.02.03"]
[EventType "swiss"]
[EventRounds "4"]
[EventCountry "CAN"]
[SourceTitle "EXT 2011"]
[Source "ChessBase"]
[SourceDate "2010.11.26"]
[SourceVersion "1"]
[SourceVersionDate "2010.11.26"]
[SourceQuality "1"]

1. d4 g6 2. c4 Bg7 3. Nc3 Nf6 4. Bf4 d6 5. Nf3 0-0 6. Qd2 Nbd7 7. 0-0-0 Nb6 8. b3 a5 9. a4 Bf5 10. h3 Ne4 11. Nxe4 Bxe4 12. Ng5 Bc6 13. d5 Nxc4 14. bxc4 Bxa4 15. Re1 c5 16. e4 b5 17. cxb5 Rb8 18. e5 Qb6 19. Qb2 dxe5 20. Bxe5 f6 21. Ne6 fxe5 22. Nxf8 Bh6+ 23. Kb1 Rxf8 24. Rxe5 Bg7 25. f4 0-1

[Event "Winnipeg TNT February op"]
[Site "Winnipeg"]
[Date "2009.02.17"]
[Round "3"]
[White "Trinidad, Kris"]
[Black "Evans, Brian"]
[Result "0-1"]
[WhiteElo "1571"]
[BlackElo "1558"]
[PlyCount "44"]
[EventDate "2009.02.03"]
[EventType "swiss"]
[EventRounds "4"]
[EventCountry "CAN"]
[SourceTitle "EXT 2011"]
[Source "ChessBase"]
[SourceDate "2010.11.26"]
[SourceVersion "1"]
[SourceVersionDate "2010.11.26"]
[SourceQuality "1"]

1. e4 c5 2. Nf3 d6 3. d4 cxd4 4. Nxd4 Nf6 5. Nc3 a6 6. Be2 e6 7. 0-0 Be7 8. Be3 Bd7 9. f4 Qc7 10. Qd2 0-0 11. Rfd1 b5 12. Bf3 Bc6 13. Nxc6 Nxc6 14. e5 dxe5 15. fxe5 Rad8 16. Qf2 Rxd1+ 17. Rxd1 Nxe5 18. a3 Neg4 19. Qe2 Qxh2+ 20. Kf1 Qh1+ 21. Bg1 Bc5 22. Ke1 Qxg1+ 0-1

[Event "Winnipeg February Sect-C"]
[Site "Winnipeg"]
[Date "2008.02.09"]
[Round "2"]
[White "Trinidad, Kris"]
[Black "Letain, Cory"]
[Result "1-0"]
[WhiteElo "1499"]
[BlackElo "1375"]
[PlyCount "41"]
[EventDate "2008.02.10"]
[EventType "swiss"]
[EventRounds "5"]
[EventCountry "CAN"]
[SourceTitle "EXT 2019"]
[Source "ChessBase"]
[SourceDate "2018.10.10"]
[SourceVersion "1"]
[SourceVersionDate "2018.10.10"]
[SourceQuality "1"]

1. e4 e5 2. Nf3 Nf6 3. Nxe5 d6 4. Nf3 Nxe4 5. d4 d5 6. Bd3 Bf5 7. 0-0 g6 8. Re1 Bg7 9. Nbd2 Qe7 10. c4 c6 11. Qc2 0-0 12. Nxe4 Bxe4 13. Bxe4 Re8 14. Bd3 Qxe1+ 15. Nxe1 Rxe1+ 16. Bf1 Bxd4 17. Qd2 Re4 18. Qb4 b6 19. Bh6 c5 20. Qb3 dxc4 21. Qf3 1-0